000 00689nam a2200241Ia 4500
003 OSt
005 20220926010049.0
006 a|||||r|||| 00| 0
007 ta
008 220923b |||||||| |||| 00| 0 eng d
037 _cGeneral Book
040 _aRTL
_cRTL
_beng
041 _2eng
_aeng
082 _aa494(Y49).N55, J5
110 _aDELHI (University of-)
245 0 _aIndian business communities and the evolution of an industrialist class.
260 _a New Delhi
_bUniversity of
_c1955
300 _av.p.
_ccm.
490 _vVol.28-2
700 _aDELHI (University of-)
942 _ha494(Y49).N55, J5
_cGB
_2CC
999 _c616328
_d616328